Languages - Statistics

General Stats
  • This quiz has been taken 24 times
  • The average score is 9 of 12
Answer Stats
Where it is spoken Answer % Correct
Netherlands Dutch
95%
USA , Australia and England English
95%
Germany German
95%
Russia Russian
95%
Thailand Thai
95%
Sahara part of Africa and the Middle East Arabic
90%
India Hindi
90%
China and Singgapore Mandarin
90%
Mexico ,Central America and South America Spanish
90%
Austria Austrian
35%
Afganistan Pashtu
30%
USA Native American Languages
0%
No matching quizzes found
Score Distribution
Percent of People with Each Score
Percentile by Number Answered
Your Score History
You have not taken this quiz